La cadena de la calidad
Saved in:
| Hovedforfatter: | |
|---|---|
| Format: | Bog |
| Sprog: | spansk |
| Udgivet: |
Madrid
Díaz de Santos
1993
|
| Fag: | |
| Tags: |
Tilføj Tag
Ingen Tags, Vær først til at tagge denne postø!
|
MARC
| LEADER | 00000nam a2200000 a 4500 | ||
|---|---|---|---|
| 001 | UCY7569 | ||
| 003 | CL-VaPUC | ||
| 008 | 950614e19930000SP |||||||||||||||||spa|d | ||
| 082 | 0 | 4 | |a 658.562 |b GRO |2 21 |
| 100 | 0 | |a Groocock, John M |e author |9 338133 | |
| 245 | 1 | 3 | |a La cadena de la calidad |
| 300 | |a 445 p | ||
| 942 | |c BK | ||
| 945 | |d 19950614 00:00:00 |a awong | ||
| 260 | |a Madrid |b Díaz de Santos |c 1993 | ||
| 650 | 7 | |a CALIDAD DE LOS PRODUCTOS |2 CL-VaPUC |9 259810 | |
| 650 | 0 | |a Control de calidad |9 259714 | |
| 650 | 7 | |a CIRCULOS DE CALIDAD |2 CL-VaPUC |9 338134 | |
| 650 | 0 | |a Calidad |9 320582 | |
| 583 | |a last modification |c 19950614 00:00:00 |k Rodrigo Vera | ||
| 999 | |c 234911 |d 234909 | ||
| 952 | |0 0 |1 0 |4 0 |6 658_562000000000000_GRO_1993 |7 0 |8 A |9 241891 |a BIBING |b BIBING |d 2019-11-18 |i 2982714 |o 658.562 GRO 1993 |p 2982714 |r 2025-01-20 |w 2019-11-18 |y BK |k EII | ||